=LDR 00000nam 2200000 4500 =001 INLIS000000000063166 =005 20240312115023 =035 ##$$a 0010-0224000036 =007 ta =008 240312################g##########0#ind## =245 1#$$a Under-achiever : $b murid pintar, kok prestasinya rendah? /$c Evy Sofia, S.Psi., M.Si.; editor, Sinta Dewi =250 ##$$a Cetakan Pertama, Februari 2019 =300 ##$$a xx, 140 halaman : $b Ilustrasi ; $c 21 cm =020 ##$$a 978-623-7013-76-1 =041 ##$$a ind =082 ##$$a 155.413 15 =084 ##$$a 155.413 15 EVY u =264 ##$$a Solo :$b Metagraf,$c 2019 =336 ##$$a teks$2 rdacontent =337 ##$$a tanpa perantara$2 rdamedia =338 ##$$a volume$2 rdacarrier =504 ##$$a Bibliografi: halaman 135-136 =650 #4$$a Anak Lambat Belajar =700 #$$a Sinta Dewi (editor) =990 ##$$a 3202400262 =990 ##$$a 3202400263 =990 ##$$a 3202400264 =990 ##$$a 3202400262 =990 ##$$a 3202400263 =990 ##$$a 3202400264